000 00434nam a22001697a 4500
999 _c264082
_d264081
003 OSt
005 20240722114830.0
008 240722b xxu||||| |||| 00| 0 eng d
020 _a9791408330661
040 _cN/A
050 _aPZ7
_bM507
100 _a Daisy Meadows.
245 _aLila and Myla, the twins fairies
260 _aNew York
_bScholastic Inc
_c2015
300 _b159 pages : illustrations ; 20 cm
942 _2lcc
_cBK